000 00285nam a22001337a 4500
008 190227b xxu||||| |||| 00| 0 eng d
020 _a9780972004404
041 _aeng
080 _a336
100 _a56
101 _aFIN
245 _aFinancial People
_cRamsey, D
942 _2udc
_cBK
999 _c54365
_d54365